000 01219nab a22002177a 4500
999 _c6091
_d6091
003 OSt
005 20260121210323.0
008 190502c xxu||||| |||| 00| 0 spa d
040 _cPJ
100 _94831
_aSandhagen, Alberto
245 1 3 _aLa extradición pasiva :
_bun comentario sobre el precedente “Acosta Allende” de la Corte Suprema /
_cAlberto Sandhagen.
260 _aCiudad Autónoma de Buenos Aires :
_bThomson Reuters La Ley,
_c2024.
300 _ap. 33-50
505 _aSumario: I. Objeto.— II. Antecedentes del proceso de extradición que derivó en la sentencia de la Corte.— III. Sentencia de la Corte Suprema de Justicia de la Nación.— IV. Una descripción del proceso de extradición pasiva.— V. Reflexiones sobre el proceso de extradición y lo resuelto por la Corte Suprema.— VI. Breves reflexiones finales.
505 _t¿Te interesa el texto completo? Solicitalo al correo: koha@justierradelfuego.gov.ar
650 0 _9343
_aDERECHO PENAL
650 0 _9658
_aEXTRADICION
650 0 _9699
_aFALLOS DE LA CORTE SUPREMA
773 0 _02729
_93180
_dBuenos Aires : LexisNexis, 2006-
_tRevista de derecho penal y procesal penal. Nº 9 - Septiembre 2024
_z9875920622
942 _2udc
_cANA